Les omnibus parisiens - Statistiques

Statistiques générales
  • Ce quiz a été pris 3 fois
  • Le résultat moyen est 38 sur 68
Statistiques - réponses
Indice 1 Indice 2 Indice 3 Nom du terminus Ligne % Correct
20e Bd La Villette B Belleville M
100%
19e Av. Gambetta B Belleville N
100%
8e hameau C Courcelles
100%
12e Gare L de {Lyon} R
100%
16e Porte M Maillot C
100%
8e Parc M Monceau AJ
100%
18e village M Montmartre J
100%
14e Parc / Avenue Reille M Montsouris U
100%
9e Place P Pigalle I
100%
16e Place T Trocadéro B
100%
15e village V Vaugirard X
100%
15e Ancien village V Vaugirard AG
100%
17e Place W Wagram F
100%
16e Bd Murat A Auteuil A
50%
4e Place B Bastille
50%
4e Place B Bastille
50%
4e Place B Bastille
50%
17e Pl. Lobligeois B Batignolles G
50%
8e Pl. de Gaulle CE Champs-Elysées
50%
8e Place C Clichy H
50%
12e Barrière C de {Charenton} S
50%
10e Gare E de l'{Est}
50%
5e Jardin DP des plantes
50%
13e Gare O d'{Orléans} T
50%
3e Filles... DC du-Calvaire
50%
10e Gare N du {Nord} K
50%
10e Gare N du {Nord}
50%
8e St-Philippe- DR du-Roule
50%
7e Ecole EM Ecole Militaire
50%
94 94 I Forges d'{Ivry} AE
50%
8e Gare SL Gare {Saint-Lazare} AI
50%
15e Quartier G Grenelle Y
50%
15e Quartier G Grenelle Z
50%
4e Place HDV Hôtel de ville
50%
4e Place HDV Hôtel de ville
50%
13e Place I Italie
50%
8e Place LM La Madeleine
50%
19e village LV La Villette L
50%
19e village LV La Villette
50%
1er Musée L Louvre
50%
1er Musée L Louvre
50%
8e Place M Madeleine E
50%
14e quartier M Maine V
50%
20e village M Ménilmontant O
50%
14e Gare M {Montparnasse}
50%
6e Place O Odéon
50%
5e Place P Panthéon AF
50%
16e Quartier P Passy AB
50%
14e R. de Vanves P Plaisance Q
50%
16e Ancien village A Quartier d'{Auteuil} AH
50%
3e Place R République AD
50%
3e Place R République
50%
3e Place R République
50%
14e Place SJ Saint-Jacques
50%
8e Gare SL {Saint-Lazare}
50%
5e Av. Gobelins SM Saint-Marcel
50%
10e Porte SM Saint-Martin
50%
5e Pont SM Saint-Michel
50%
5e Place SM Saint-Michel
50%
6e Place SS Saint-Sulpice
50%
6e Place SS Saint-Sulpice
50%
17e Pl. des T. T Ternes D
50%
3e Quartier AEM Arts et Métiers
0%
2e Place B Bourse
0%
20e village C Charonne P
0%
5e Jussieu HAV Halle aux vins
0%
9e Square M Montholon
0%
19e Rue du Hainaut PV Petite Villette AC
0%
Aucun quiz correspondant
Distribution des résultats
% des personnes avec chaque résultat
Percentile par nombre de réponses
Votre historique - résultats
Vous n’avez pas pris ce quiz